Willow Smith Discography - Statistics

General Stats
  • This quiz has been taken 12 times
    4 since last reset
  • The average score is 4 of 9
Answer Stats
Year Name Type % Correct
2022* Coping Mechanism Album
67%
2021 lately I feel EVERYTHING Album
67%
2020 Rise Collaborative EP
67%
2020 The Anxiety Collaborative Album
67%
2019 Willow Album
67%
2014 3 EP
33%
2015 ARDIPITHECUS Album
33%
2017 The 1st Album
33%
2016 Mellifluous EP
0%
No matching quizzes found
Score Distribution
Percent of People with Each Score
Percentile by Number Answered
Your Score History
You have not taken this quiz since the last reset